Score 0/40 Timer 08:00
1 Play Today
% Correct
Dirty Dancing
93.2%
Superman IV: The Quest for Peace
91.8%
Beverly Hills Cop II
91.4%
Lethal Weapon
91.3%
Three Men and a Baby
90.9%
Good Morning, Vietnam
90%
Fatal Attraction
87.8%
Moonstruck
85.7%
Planes, Trains & Automobiles
84.5%
The Lost Boys
83.1%
Wall Street
82.6%
The Untouchables
82.5%
Overboard
82.3%
Police Academy 4: Citizens on Patrol
82.1%
Roxanne
82%
Raising Arizona
80.9%
La Bamba
80.8%
The Princess Bride
80.1%
Predator
78.9%
The Witches of Eastwick
77.6%
% Correct
The Brave Little Toaster
76.6%
A Nightmare on Elm Street 3: Dream Warriors
76.3%
Throw Momma from the Train
76%
Ernest Goes to Camp
73.7%
Dragnet
73.6%
The Living Daylights
73.3%
Harry and the Hendersons
72.9%
Adventures in Babysitting
72.1%
Spaceballs
72%
Mannequin
71.7%
The Secret of My Succe$s
71.1%
Full Metal Jacket
70.6%
The Running Man
68.8%
Broadcast News
67.8%
Stakeout
67.1%
RoboCop
66.7%
Angel Heart
64%
Innerspace
63.4%
Blind Date
60.8%
No Way Out
60.5%
Remove Ads.
Support Sporcle.
Get the best of Sporcle when you Go Orange. This ad-free experience offers more features, more stats, and more fun while also helping to support Sporcle. Thank you for becoming a member.

You're not logged in!

Compare scores with friends on all Sporcle quizzes.
OR
Log In

Sporcle TV

Today on Sporcle TV


Watch our educational content, quiz creation guides, and fun videos on Sporcle TV.

Show Comments

Extras

Top Quizzes Today


Score Distribution

Paid Content

Your Account Isn't Verified!

In order to create a playlist on Sporcle, you need to verify the email address you used during registration. Go to your Sporcle Settings to finish the process.

Report this User

Report this user for behavior that violates our Community Guidelines.

Details: